000 00390nam a2200145Ia 4500
008 230711s9999||||xx |||||||||||||| ||und||
041 _aENG
082 _a4
_bDO-M
100 _aDogra ,Rakesh
245 0 _aAdvances in material science for engineers and technologies
250 _a4th Ed.
260 _c2002
_aNew Delhi
_bS.K Kataria & Sons
650 _aMechanical Engineering
942 _cBK
999 _c3902
_d3902